[Event "Amplico ch-EUR Rapid"]
[Site "Warsaw POL"]
[Date "2012.12.15"]
[Round "4.23"]
[White "Kempinski,R"]
[Black "Schmidt,Wl"]
[Result "1/2-1/2"]
[WhiteElo "2599"]
[BlackElo "2370"]

1.d4 Nf6 2.Bg5 d5 3.c3 c6 4.Nd2 Bf5 5.Ngf3 Nbd7 6.h3 h6 7.Bh4 e6 8.g4 Bg6
9.Ne5 Bh7 10.Bg2 Be7 11.f4 Nxe5 12.fxe5 Ne4 13.Bxe7 Qxe7 14.Nxe4 Bxe4 15.Bxe4 Qh4+
16.Kd2 dxe4 17.Qc2 e3+ 18.Kxe3 O-O-O 19.Qe4 c5 20.Raf1 Rd7 21.Kd3 cxd4 22.cxd4 Kb8
23.Kc2 Rc8+ 24.Kb1 Rdc7 25.a3 a6 26.e3 Qe7 27.h4 Qd7 28.Rc1 Qb5 29.h5 Rc3
30.Rxc3 Rxc3 31.Ka1 Rb3 32.Rh2 Rd3 33.Qf3 Qb3 34.Rh1 Rxd4 35.Qxf7 Rd1+ 36.Rxd1 Qxd1+
37.Ka2 Qd5+ 38.Ka1 Qd1+  1/2-1/2

[Event "Amplico ch-EUR Rapid"]
[Site "Warsaw POL"]
[Date "2012.12.16"]
[Round "9.28"]
[White "Sotsky,A"]
[Black "Le Roux,JP"]
[Result "0-1"]
[WhiteElo "2396"]
[BlackElo "2569"]

1.d4 Nf6 2.Bg5 c5 3.Nc3 cxd4 4.Qxd4 Nc6 5.Qh4 b5 6.O-O-O b4 7.Bxf6 gxf6 8.Nd5 Bg7
9.e3 Rb8 10.Nf3 Kf8 11.Nd4 Nxd4 12.Rxd4 Bb7 13.Nxb4 f5 14.Rf4 Be4 15.Rxe4 fxe4
16.Qxe4 Qb6 17.c3 a5 18.Nd3 Bxc3 19.b3 Qd6 20.Qc4 Bf6 21.g3 h5 22.Bg2 Kg7
23.Kb1 Rhc8 24.Qe4 Qa3 25.Ne5  0-1

[Event "19th Zadar Open B"]
[Site "Zadar CRO"]
[Date "2012.12.18"]
[Round "4.6"]
[White "Medancic,R"]
[Black "Vidovic,A"]
[Result "1-0"]
[WhiteElo "2236"]
[BlackElo "2140"]

1.d4 Nf6 2.Bg5 c5 3.Bxf6 gxf6 4.d5 Qb6 5.Qc1 f5 6.c4 Bh6 7.Nd2 Na6 8.Ngf3 Rb8
9.e3 Bg7 10.Rb1 e5 11.a3 O-O 12.Qc2 Qf6 13.g3 d6 14.Be2 Bd7 15.Nh4 f4 16.exf4 Bh3
17.Ne4 Qh6 18.Ng5 Bd7 19.Nf5 Qg6 20.Ne7+  1-0

[Event "19th Zadar Open B"]
[Site "Zadar CRO"]
[Date "2012.12.19"]
[Round "6.9"]
[White "Medancic,R"]
[Black "Brunski,I"]
[Result "1-0"]
[WhiteElo "2236"]
[BlackElo "2111"]

1.d4 Nf6 2.Bg5 c5 3.Bxf6 exf6 4.Nc3 cxd4 5.Qxd4 Nc6 6.Qe4+ Be7 7.e3 O-O 8.Bc4 d6
9.Nd5 Be6 10.Nf3 f5 11.Qd3 Ne5 12.Nxe5 dxe5 13.O-O Bxd5 14.Bxd5 e4 15.Qb3 Rb8
16.Rfd1 Qc7 17.Rd2 Bf6 18.Rad1 Rfd8 19.c3 g6 20.g3 Kg7 21.Kg2 b6 22.a4 a5
23.Qb5 Qc5 24.Qxc5 bxc5 25.Kf1 Rd6 26.Bc4 Rxd2 27.Rxd2 g5 28.Ke2 Rd8 29.Bd5 Be7
30.Kd1 Kf6 31.Bc4 Rxd2+ 32.Kxd2 Bd6 33.h3 h5 34.Bd5 f4 35.gxf4 gxf4 36.Bxe4 fxe3+
37.Kxe3 h4 38.Bd5 Ke7 39.Kd3 Bf4 40.Kc4 Bc1 41.b4 cxb4 42.cxb4 axb4 43.a5 Bf4
44.Kxb4 Bb8 45.Kb5 Ba7 46.f4 Kd6 47.Bxf7 Kc7 48.Bd5 Be3 49.a6 Kb8 50.f5 Bd4
51.Kc6 Ka7 52.Bc4 Kb8 53.Kd5  1-0

[Event "Norberto La Porta Open A"]
[Site "Buenos Aires ARG"]
[Date "2012.12.20"]
[Round "5"]
[White "Liascovich,L"]
[Black "Perez,Max"]
[Result "1-0"]
[WhiteElo "2400"]
[BlackElo "2279"]

1.d4 Nf6 2.Bg5 g6 3.Bxf6 exf6 4.e3 f5 5.h4 h5 6.g3 d6 7.Bg2 Nd7 8.c4 Nf6
9.Nc3 Bh6 10.Nge2 O-O 11.Qd3 Re8 12.O-O c6 13.b4 Qe7 14.b5 Bd7 15.Rab1 f4
16.bxc6 bxc6 17.e4 fxg3 18.Qxg3 Be6 19.e5 dxe5 20.dxe5 Ng4 21.Bxc6 Bxc4 22.Bxa8 Rxa8
23.Rfd1 Bg7 24.Nd5 Qc5 25.Rbc1 Bxe5 26.Qf3 Rd8 27.Rxc4 Qxc4 28.Ne7+ Kf8 29.Nxg6+ Kg7
30.Rxd8 Kxg6 31.Qd3+ Qxd3 32.Rxd3 Bf6 33.Nf4+ Kf5 34.Nxh5 Bxh4 35.Ng3+ Ke6
36.Ra3 Be7 37.Ra6+ Kd5 38.Rxa7 Ke6 39.Kg2 Bc5 40.Ra6+ Kd5 41.f3 Ne5 42.Ne4 Bd4
43.Ra8 f5 44.Rd8+  1-0

[Event "ITT Cerrado LAB GM"]
[Site "Bogota COL"]
[Date "2012.12.22"]
[Round "10.1"]
[White "Cordova,E"]
[Black "Rivera,Alberto"]
[Result "1/2-1/2"]
[WhiteElo "2564"]
[BlackElo "2338"]

1.d4 Nf6 2.Bg5 d5 3.e3 c6 4.Bd3 Nbd7 5.Nd2 e5 6.c3 Be7 7.Rc1 h6 8.Bh4 O-O
9.Ne2 Re8 10.Bb1 Nh5 11.Bxe7 Qxe7 12.c4 Nhf6 13.O-O exd4 14.Nxd4 Ne5 15.cxd5 Nxd5
16.h3 Bd7 17.Qb3 Qb4 18.Qc2 Ng6 19.Ne4 Rad8 20.Nc5 Bc8 21.a3 Qb6 22.b4 a5
23.Na4 Qa6 24.Qb3 Ne5 25.Rfd1 axb4 26.axb4 Qa7 27.Nc5 Qb6 28.b5 cxb5 29.Nxb5 Nc7
30.Nxc7 Rxd1+ 31.Qxd1 Qxc7 32.Ne6 Qd7 33.Nd4 Nc6 34.Nxc6 Qxd1+ 35.Rxd1 bxc6
36.Rd6 c5 37.Rc6 Be6 38.Rxc5 Rd8 39.Kh2 g6 40.g4 Rd2 41.Kg3 g5 42.Bf5 Bxf5
43.gxf5 Kg7 44.f3 Re2 45.e4 h5 46.h4 g4 47.fxg4 Rxe4 48.f6+ Kxf6 49.Rxh5 Ra4
50.Rf5+ Kg7 51.Rc5 Rb4 52.h5 Rb1 53.Kf4 Rf1+ 54.Ke5 Re1+ 55.Kf5 Rf1+ 56.Kg5 Rf6
57.Rf5 Rb6 58.h6+ Kg8 59.Kh5 Rb1 60.Rf6 Rb5+ 61.g5 Rb1 62.Kg4 Rg1+ 63.Kf5 Rf1+
64.Ke5 Re1+ 65.Kd6 Rd1+ 66.Kc5 Rh1 67.Rf5 Rh5 68.Rd5 f6 69.gxf6 Rxh6 70.f7+  1/2-1/2

[Event "3rd Arco Christmas"]
[Site "Arco ITA"]
[Date "2012.12.27"]
[Round "2.7"]
[White "Allegranti,L"]
[Black "Raineri,V"]
[Result "1/2-1/2"]
[WhiteElo "1927"]
[BlackElo "2151"]

1.d4 Nf6 2.Bg5 g6 3.Bxf6 exf6 4.g3 d6 5.Bg2 Bg7 6.Nf3 f5 7.c4 O-O 8.Nc3 Nd7
9.Qd3 Nf6 10.O-O Re8 11.Nd2 Bh6 12.e3 c6 13.b4 Qc7 14.Rfc1 Bd7 15.a4 Re7
16.a5 Rae8 17.Rab1 Ng4 18.Nf1 Nf6 19.Nd2 g5 20.d5 f4 21.gxf4 gxf4 22.e4 Ng4
23.Nf3 f6 24.Rd1 c5 25.bxc5 Qxc5 26.Qd4 Qxd4 27.Rxd4 f5 28.exf5 Bxf5 29.Rc1 Bg7
30.Rdd1 a6 31.h3 Ne5 32.Nd4 Bd3 33.Ne4 f3 34.Nxd6 fxg2 35.Nxe8 Rxe8 36.f4 Bxc4
37.fxe5 Bxd5 38.Nf5  1/2-1/2

[Event "2nd Erfurter WGM"]
[Site "Erfurt GER"]
[Date "2012.12.27"]
[Round "4.5"]
[White "Michna,Mart"]
[Black "Kachiani-Gersinska,K"]
[Result "0-1"]
[WhiteElo "2383"]
[BlackElo "2366"]

1.d4 Nf6 2.Bg5 d5 3.Bxf6 exf6 4.Nc3 c6 5.e3 Qb6 6.Rb1 Bb4 7.Bd3 Qa5 8.Ne2 Qxa2
9.O-O Qa5 10.e4 dxe4 11.Nxe4 O-O 12.Nf4 Nd7 13.c3 Be7 14.Re1 g6 15.b4 Qd8
16.b5 f5 17.Ng3 Bd6 18.Qf3 Nb6 19.c4 Qh4 20.Nge2 c5 21.h3 cxd4 22.g3 Qf6
23.Rbd1 Bb4 24.Rf1 Rd8 25.Nc1 a5 26.bxa6 bxa6 27.Na2 Bc5 28.Rb1 Bd7 29.Nb4 a5
30.Nbd5 Nxd5 31.Nxd5 Qd6 32.g4 Bc6 33.gxf5 Bxd5 34.cxd5 Qf6 35.Qg2 a4 36.Rfc1 Bd6
37.Rc6 a3 38.Ra1 Kg7 39.Ra2 Qe5 40.Qf3 Ra7 41.Kf1 Ra5 42.Be4 Rb5 43.f6+ Qxf6
44.Qxf6+ Kxf6 45.Rxa3 Ke5 46.Bd3 Bxa3 47.Bxb5 Rxd5 48.Bc4 Rd7 49.Ke2 Bd6
50.Kd3 Bb4 51.Ra6 Bc3 52.Ra8 Kf4 53.Rh8 f5 54.Be6 Ra7 55.Bd5 Kg5 56.Bc4 Re7
57.Bd5 Be1 58.Kxd4 Bxf2+ 59.Kc4 Kf4 60.Kd3 Rd7 61.Kc4 Kg3 62.Be6 Ra7 63.Kd5 Be3
64.Kc6 Bf4 65.Bd7 Rc7+  0-1

[Event "XLII Rilton Cup"]
[Site "Stockholm SWE"]
[Date "2012.12.27"]
[Round "1.24"]
[White "Bellon Lopez,JuM"]
[Black "Krasenkova,I"]
[Result "0-1"]
[WhiteElo "2404"]
[BlackElo "2136"]

1.d4 Nf6 2.Bg5 d5 3.Bxf6 exf6 4.e3 Be6 5.Nh3 c6 6.Nf4 Bd6 7.g3 f5 8.Nd2 Nd7
9.c4 Nf6 10.Qb3 Rb8 11.a3 O-O 12.Rc1 Qa5 13.Qc3 Qxc3 14.Rxc3 b5 15.cxd5 cxd5
16.Nxe6 fxe6 17.Rc6 Rfd8 18.Nb3 b4 19.a4 Rbc8 20.Rxc8 Rxc8 21.Bd3 Nd7 22.a5 g6
23.Kd2 Kf7 24.Bb5 Nf6 25.f3 g5 26.Rc1 Rxc1 27.Nxc1 g4 28.f4 Bc7 29.a6 Ke7
30.Kc2 Ne4 31.Bd3 Nf2 32.Be2 Kd7 33.Kb3 Bd6 34.Ka4 Kc6 35.Na2 Nh3 36.Nxb4+ Bxb4
37.Kxb4 Ng1 38.Bb5+ Kd6 39.Kc3 Nf3 40.Be2 Nxh2 41.Kd2 Kc6 42.Ke1 Kb6 43.Bd1 Ka5
44.Kf2 h5 45.Kg2 Nf3 46.Bxf3 gxf3+ 47.Kxf3 Kxa6 48.Ke2 Kb5 49.Kd3 Kb4 50.Kc2 Kc4
51.b3+ Kb4 52.Kb2 a6 53.Kc2 Ka3 54.Kc3 a5 55.Kc2 Ka2  0-1

[Event "XLII Rilton Cup"]
[Site "Stockholm SWE"]
[Date "2012.12.27"]
[Round "1.39"]
[White "Lundin,J"]
[Black "Jakobsen,Alf Gjoran"]
[Result "1/2-1/2"]
[WhiteElo "2281"]
[BlackElo "1901"]

1.d4 Nf6 2.Bg5 d5 3.Bxf6 gxf6 4.Nc3 Bf5 5.e3 e6 6.Nge2 Bb4 7.a3 Bxc3+ 8.Nxc3 c6
9.Bd3 Bg6 10.O-O Nd7 11.e4 dxe4 12.Nxe4 Bxe4 13.Bxe4 f5 14.Bf3 Qg5 15.d5 cxd5
16.c4 Rg8 17.g3 Ne5 18.cxd5 Nxf3+ 19.Qxf3 e5 20.d6 e4 21.Qb3 Rd8 22.Qxb7 Rd7
23.Qd5 Qf6 24.Rfd1 Rg6 25.Qc6 Qd8 26.Rd5 Qb6 27.Rc1 Rf6 28.Re5+ Re6 29.Qc8+ Qd8
30.Rxe6+ fxe6 31.Qc6 Qb6 32.Qa8+ Rd8 33.d7+ Ke7 34.Rc8 Rxd7 35.Rh8 Kd6 36.Qf8+ Kd5
37.Qf6 Qd4 38.Qxd4+  1/2-1/2

[Event "CXU Obro New Year 2012"]
[Site "Copenhagen DEN"]
[Date "2012.12.29"]
[Round "5.8"]
[White "Thestrup,S"]
[Black "Rostgaard,T"]
[Result "1/2-1/2"]
[WhiteElo "2072"]
[BlackElo "2239"]

1.d4 d5 2.Bg5 Nf6 3.Bxf6 exf6 4.e3 Be6 5.g3 Bd6 6.Bg2 c6 7.Ne2 O-O 8.Nd2 Nd7
9.O-O f5 10.Rc1 Nf6 11.c4 Ne4 12.Nxe4 fxe4 13.cxd5 cxd5 14.Qb3 h5 15.f4 exf3
16.Bxf3 Qg5 17.Nf4 h4 18.Kg2 hxg3 19.hxg3 Rae8 20.Rh1 g6 21.Rh4 Bxf4 22.exf4 Qf6
23.Qd3 Bf5 24.Qd2 Be4 25.Rch1 Rc8 26.Bxe4 dxe4 27.g4 Qg7 28.Kg3 Rfe8 29.Qh2 Kf8
30.Qd2 Kg8 31.Qh2 Kf8 32.Qd2  1/2-1/2

[Event "CXU Obro New Year 2012"]
[Site "Copenhagen DEN"]
[Date "2012.12.29"]
[Round "5.2"]
[White "Thuesen,M"]
[Black "Olsen,P"]
[Result "0-1"]
[WhiteElo "2253"]
[BlackElo "2191"]

1.d4 Nf6 2.Bg5 c5 3.Bxf6 gxf6 4.d5 d6 5.e3 Qb6 6.Qc1 Nd7 7.Na3 Qc7 8.Nb5 Qd8
9.a4 Bg7 10.Ne2 f5 11.Nf4 Nf6 12.Be2 O-O 13.O-O a6 14.Na3 Bd7 15.Nc4 b6 16.c3 Qc7
17.a5 bxa5 18.Rxa5 e5 19.dxe6 fxe6 20.Qa1 e5 21.Nd3 Bb5 22.Nc1 d5 23.Nb6 Qxb6
24.Bxb5 c4 25.b4 cxb3 26.c4 b2  0-1

[Event "Groningen Open A"]
[Site "Groningen NED"]
[Date "2012.12.29"]
[Round "8.30"]
[White "Duijker,R"]
[Black "Henseler,J"]
[Result "0-1"]
[WhiteElo "2242"]
[BlackElo "2076"]

1.d4 Nf6 2.Bg5 d5 3.Bxf6 exf6 4.e3 Bd6 5.g3 c6 6.Bg2 O-O 7.Ne2 Be6 8.O-O f5
9.Nd2 Nd7 10.Rc1 Nf6 11.c4 Qe7 12.cxd5 Bxd5 13.Bxd5 Nxd5 14.Nc3 Nf6 15.Qc2 g6
16.a3 h5 17.Nc4 Bc7 18.b4 a6 19.Rfd1 Rfd8 20.h4 Qe6 21.Qe2 Re8 22.Na4 f4
23.Nc5 Qh3 24.Qf1 Qxf1+ 25.Kxf1 b6 26.Nd3 fxg3 27.Nce5 gxf2 28.Rxc6 Bxe5
29.Nxe5 Ne4 30.Rxb6 Re6 31.Rxe6 fxe6 32.Nxg6 Kh7 33.Nf4 Rg8 34.Nh3 Rg3 35.Ng5+ Nxg5
36.Kxf2 Ne4+ 37.Ke2 Nc3+ 38.Kf2 Nxd1+ 39.Kxg3 Nxe3 40.Kf4 Nc4 41.a4 Kg6 42.Ke4 Kf6
43.d5 e5 44.a5 Nd6+ 45.Kd3 Kf5  0-1

[Event "Pan-Am Intercollegiate 2012"]
[Site "Princeton USA"]
[Date "2012.12.29"]
[Round "4"]
[White "Smith,Melisha"]
[Black "Agrest,I"]
[Result "0-1"]
[WhiteElo "1804"]
[BlackElo "2176"]

1.d4 Nf6 2.Bg5 c5 3.Bxf6 gxf6 4.dxc5 Qa5+ 5.Nd2 Nc6 6.c3 Qxc5 7.Ngf3 d6 8.Ne4 Qb6
9.b3 Bg7 10.Rc1 Bg4 11.h3 Bd7 12.e3 Bh6 13.Qd2 Rg8 14.Ng3 Rxg3 15.fxg3 Bxe3
16.Qc2 Bxc1 17.Qxc1 O-O-O 18.Bd3 f5 19.Rf1 Kb8 20.Nh4 Ne5 21.Bc2 e6 22.Qd2 Bc6
23.Rf2 Be4 24.Kf1 Qa6+ 25.Kg1 Qxa2 26.Qg5 Qa5 27.Bxe4 fxe4 28.Qe3 f5 29.Kh2 Rc8
30.c4 Qc5 31.Qd2 e3  0-1

[Event "Pan-Am Intercollegiate 2012"]
[Site "Princeton USA"]
[Date "2012.12.29"]
[Round "5"]
[White "Feldberg,V"]
[Black "Huschenbeth,N"]
[Result "0-1"]
[WhiteElo "2179"]
[BlackElo "2527"]

1.d4 Nf6 2.Bg5 c5 3.Bxf6 gxf6 4.d5 Qb6 5.Qc1 Bh6 6.e3 f5 7.g3 Bg7 8.c3 d6
9.Nd2 Nd7 10.Ne2 Nf6 11.Bg2 Qc7 12.O-O O-O 13.Nf4 Bd7 14.a4 c4 15.Qd1 Rac8
16.Re1 Qc5 17.e4 Bh6 18.exf5 Bxf4 19.gxf4 Bxf5 20.Ne4 Bxe4 21.Bxe4 Kh8 22.Bg2 Rg8
23.Kf1 Ng4 24.Qe2 Nxh2+ 25.Kg1 Qxd5 26.Qe4 Nf3+  0-1

[Event "16th Bad Zwesten Open"]
[Site "Bad Zwesten GER"]
[Date "2013.01.03"]
[Round "2.13"]
[White "Meijers,V"]
[Black "Schneider,Udo2"]
[Result "1-0"]
[WhiteElo "2479"]
[BlackElo "1796"]

1.d4 Nf6 2.Bg5 g6 3.Bxf6 exf6 4.e3 Bg7 5.c4 O-O 6.Nc3 b6 7.Nf3 Bb7 8.h4 f5
9.h5 d6 10.hxg6 fxg6 11.Be2 Nd7 12.Qb3 c5 13.O-O-O Be4 14.Rh2 Rf7 15.Nd2 Bb7
16.Bf3 Bxf3 17.Nxf3 a6 18.Kb1 Nf8 19.Rhh1 Rb8 20.Rd2 Ne6 21.Rhd1 Rd7 22.Qa3 cxd4
23.exd4 Bh6 24.Rc2 b5 25.cxb5 axb5 26.Qb3 d5 27.Ne5  1-0

[Event "Australian Open 2013"]
[Site "Cammeray AUS"]
[Date "2013.01.10"]
[Round "8.6"]
[White "Tao,T"]
[Black "Li,Zuhao Luke"]
[Result "1/2-1/2"]
[WhiteElo "2440"]
[BlackElo "2261"]

1.d4 Nf6 2.Bg5 d5 3.Bxf6 exf6 4.e3 Bf5 5.Bd3 Bxd3 6.Qxd3 c6 7.Nf3 Bd6 8.O-O O-O
9.c4 dxc4 10.Qxc4 f5 11.Nc3 Nd7 12.Rfd1 Qf6 13.b4 b5 14.Qb3 a5 15.bxa5 Rxa5
16.a4 Rfa8 17.Ra2 b4 18.Nb1 Nb6 19.Nbd2 Rxa4 20.Rxa4 Rxa4 21.Nc4 Ra6 22.Nxd6 Qxd6
23.Ne5 Ra7  1/2-1/2

[Event "Prague Open A 2013"]
[Site "Prague CZE"]
[Date "2013.01.11"]
[Round "3.16"]
[White "Cubas Pons,Ju"]
[Black "Semenova,Ir"]
[Result "0-1"]
[WhiteElo "2314"]
[BlackElo "2228"]

1.d4 Nf6 2.Bg5 d5 3.Bxf6 gxf6 4.c4 e5 5.dxe5 Bb4+ 6.Nc3 d4 7.Qa4+ Nc6 8.O-O-O fxe5
9.Nd5 Bf8 10.e3 Bh6 11.f4 Bd7 12.fxe5 Nxe5 13.Qc2 dxe3 14.Kb1 O-O 15.Nf3 Ng4
16.Bd3 f5 17.c5 c6 18.Nf4 Qe8 19.Bc4+ Kh8 20.Nd3 Be6 21.h3 Nf6 22.Nde5 Bxc4
23.Qxc4 Bg7 24.Rhe1 Nd5 25.Nd3 Qe4 26.Qb3 b5 27.Ka1 a5 28.Qc2 a4 29.a3 b4
30.axb4 a3 31.Kb1 axb2 32.Nxb2 Nc3+  0-1

[Event "TCh-CZE Div1 Zapad 2012-13"]
[Site "Czech Republic CZE"]
[Date "2013.01.13"]
[Round "5.3"]
[White "Meduna,E1"]
[Black "Voloshin,L"]
[Result "1/2-1/2"]
[WhiteElo "2416"]
[BlackElo "2426"]

1.d4 Nf6 2.Bg5 d5 3.Nf3 Bf5 4.e3 e6 5.c4 c6 6.Nc3 Be7 7.Bd3 Bxd3 8.Qxd3 O-O
9.O-O Nbd7 10.Rfd1 h6 11.Bxf6 Nxf6 12.e4 dxe4 13.Nxe4 Nxe4 14.Qxe4 Bf6 15.Rac1 Qb6
16.Rc2 Rfd8 17.Rcd2 c5 18.dxc5 Qxb2 19.g3 Rxd2 20.Rxd2 Qb4 21.Rd7 Rc8 22.Qxb7 Qxb7
23.Rxb7 Rxc5 24.Rxa7 Rxc4 25.a4 Rc2 26.a5 e5 27.Rd7 Ra2 28.Rd5 e4 29.Nd2 Bc3
30.Nxe4  1/2-1/2

[Event "PSC Cup 2013"]
[Site "Manila PHI"]
[Date "2013.01.17"]
[Round "6.15"]
[White "Torre,E"]
[Black "Bitoon,Jimson"]
[Result "1-0"]
[WhiteElo "2485"]
[BlackElo "2293"]

1.d4 Nf6 2.Bg5 d5 3.e3 Ne4 4.Bf4 g6 5.Bd3 Bg7 6.Bxe4 dxe4 7.Nd2 f5 8.c3 Be6
9.f3 exf3 10.Ngxf3 Nd7 11.O-O h6 12.Qe1 Bf7 13.Qg3 Rc8 14.Ne5 Nxe5 15.Bxe5 Bxe5
16.Qxe5 O-O 17.e4 e6 18.Nc4 a6 19.a4 Kh7 20.Rae1 Bg8 21.a5 Rf7 22.b4 Rg7
23.Re3 b5 24.Nd2 Qd6 25.Nf3 Kh8 26.Qf6 Qd8 27.Qxd8 Rxd8 28.Ne5 Kh7 29.Nd3 Rf8
30.Nc5 f4 31.Ref3 e5 32.Nxa6 Bc4 33.Ra1 g5 34.Nc5 g4 35.Rf2 g3 36.hxg3 Rxg3
37.a6  1-0

[Event "PSC Cup 2013"]
[Site "Manila PHI"]
[Date "2013.01.17"]
[Round "6.16"]
[White "Dimakiling,O"]
[Black "Bersamina,Paulo"]
[Result "0-1"]
[WhiteElo "2427"]
[BlackElo "2206"]

1.d4 Nf6 2.Bg5 c5 3.Bxf6 exf6 4.dxc5 Bxc5 5.e3 O-O 6.Bd3 d5 7.Nf3 Nc6 8.O-O Be6
9.Nbd2 Qd7 10.Nb3 Bb6 11.Nfd4 Rfe8 12.c3 Rac8 13.Re1 g6 14.Bf1 Kg7 15.a4 a6
16.Nxc6 Qxc6 17.Nd4 Qd6 18.a5 Bc7 19.g3 h5 20.Ra4 Bd7 21.Rb4 Rb8 22.Qa1 h4
23.Bg2 hxg3 24.hxg3 Rh8 25.Ne2 Bh3 26.Bf3 Qc5 27.Nf4 Qxa5 28.Nxd5 Be6 29.Nxc7 Qxc7
30.Rd1 Rh6 31.Rdd4 Rbh8 32.Rxb7 Qe5 33.Qb1 Rh3 34.Rd2 Bg4 35.Qe4 Bxf3 36.Qxf3 Rh1+
37.Qxh1 Rxh1+ 38.Kxh1 Qe4+ 39.Kg1 Qxb7 40.Kf1 Kh6 41.Ke2 Qb3 42.e4 Qc4+ 43.Ke3 Qf1
44.b4 Qe1+ 45.Kd3 Kg5 46.Re2 Qf1 47.Ke3 Kg4 48.Ra2 Qc4 49.Rc2 Qb3 50.Kd3 Kf3
51.Rd2 Qb1+ 52.Kc4 Qxe4+ 53.Kb3 Qe1 54.Kc2 Qe6 55.Kb2 Qc4 56.Rc2 f5 57.Rd2 g5
58.Rc2 f4 59.gxf4 Kxf4 60.Rd2 Kf3  0-1

[Event "PSC Cup 2013"]
[Site "Manila PHI"]
[Date "2013.01.19"]
[Round "8.10"]
[White "Torre,E"]
[Black "Mariano,N2"]
[Result "0-1"]
[WhiteElo "2485"]
[BlackElo "2251"]

1.d4 Nf6 2.Bg5 c5 3.Bxf6 gxf6 4.d5 Qb6 5.Qc1 Bh6 6.e3 f5 7.Ne2 e5 8.Na3 Na6
9.Nc3 Qf6 10.Nc4 d6 11.Nb5 O-O 12.Ncxd6 Nb4 13.Nxc8 Raxc8 14.c4 f4 15.e4 f3
16.Qd1 Qh4 17.Nc3 f5 18.g3 Qg4 19.h3 Qg6 20.Bd3 b5 21.cxb5 c4 22.Bb1 fxe4
23.Bxe4 Nd3+ 24.Kf1 Qb6 25.Bxd3 cxd3 26.Qxd3 Qd4 27.Rd1 Qb4 28.Kg1 e4 29.Nxe4 Rce8
30.Nd2 Qxb2 31.d6 Re2 32.Ne4 Be3 33.fxe3 Re1+  0-1

[Event "Dvorkovich Mem 2013"]
[Site "Taganrog RUS"]
[Date "2013.01.20"]
[Round "6.30"]
[White "Orekhov,N"]
[Black "Gunchenko,Vadim"]
[Result "1/2-1/2"]
[WhiteElo "2118"]
[BlackElo "1962"]

1.d4 Nf6 2.Bg5 d5 3.e3 h6 4.Bxf6 exf6 5.c4 c6 6.Nc3 Be6 7.Qb3 Qd7 8.cxd5 cxd5
9.Nge2 Nc6 10.Nf4 Rd8 11.Be2 Bd6 12.Nxe6 fxe6 13.O-O O-O 14.Bb5 a6 15.Bxc6 Qxc6
16.Rac1 Qd7 17.Rc2 b5 18.Rfc1 Rc8 19.Nb1 Kh8 20.Nd2 f5 21.g3 g5 22.Qd3 Kg7
23.Nf3 g4 24.Ne1 Qb7 25.Qe2 Kf7 26.Nd3 Ke7 27.Nf4 Bxf4 28.exf4 Rxc2 29.Rxc2 Rc8
30.Qe5 Kf7 31.Rc5 Rxc5 32.dxc5 Qc6 33.b4 a5 34.a3 axb4 35.axb4 Qa8 36.h4 gxh3
37.Qc7+ Kf6 38.Qh7 Qa1+ 39.Kh2 Qf1 40.Qxh6+ Ke7 41.Qg7+ Ke8 42.Qh8+ Ke7 43.Qh4+ Kd7
44.Qxh3 Qxf2+ 45.Qg2 Qd4 46.Qa2 Qxb4 47.Qa7+ Ke8 48.Kh3 Qe1 49.Kh4 Qc3 50.Qc7 Qf6+
51.Kh3 Qh8+ 52.Kg2 Qb2+ 53.Kh1 Qb1+ 54.Kg2 Qe4+ 55.Kh2 Qe2+ 56.Kg1 Qe3+ 57.Kh2 Qe2+  1/2-1/2

[Event "TCh-LTU 2013"]
[Site "Vilnius LTU"]
[Date "2013.01.20"]
[Round "2.2"]
[White "Tamosaitis,R"]
[Black "Vicas,M"]
[Result "0-1"]
[WhiteElo "2157"]
[BlackElo "2005"]

1.d4 Nf6 2.Bg5 d5 3.Bxf6 exf6 4.e3 Be6 5.Nd2 c5 6.dxc5 Bxc5 7.Nb3 Bb6 8.Nf3 Nc6
9.Nfd4 O-O 10.Be2 Ne5 11.O-O Nc4 12.Rb1 Rc8 13.Bd3 g6 14.Qf3 f5 15.Rfd1 Ne5
16.Qg3 Qf6 17.c3 Bc7 18.f4 Nc4 19.Qf3 Bb6 20.Nd2 Nd6 21.Rbc1 Rfe8 22.Nf1 Rcd8
23.Rc2 Ne4 24.h3 h5 25.Kh2 h4 26.Kh1 Kg7 27.Rdc1 Re7 28.Kg1 Bd7 29.Bxe4 Rxe4
30.Qf2 Rde8 31.Re1 Qe7 32.Rce2 Bxd4 33.cxd4 Bb5 34.Rc2 Rxd4 35.Nd2 Rd3 36.Nf1 Rd4
37.Nd2 Ra4 38.b3 Ra6 39.Nf3 Bd3 40.Rd2 Be4 41.Nxh4 Qb4 42.Ree2 Rae6 43.Nf3 Bxf3
44.Qxf3 Qe4 45.Kf2 Rd8 46.Rd4 Qxf3+ 47.Kxf3 Re4 48.Red2 Rxd4 49.Rxd4 Kf6
50.Ke2 Ke6 51.Kd2 Rc8 52.Rd3 f6 53.Rd4 Kd6 54.Ra4 a6 55.Rb4 b5 56.Rd4 a5
57.a3 g5 58.Rd3 Rg8 59.g3 Rh8 60.g4 Rxh3 61.gxf5 gxf4 62.exf4 Rxd3+ 63.Kxd3 Kc5
64.Kc3 d4+ 65.Kd2 a4 66.bxa4 bxa4 67.Kd3 Kd5 68.Kd2 Ke4 69.Ke2 Kxf4 70.Kd3 Ke5  0-1

[Event "11th Gibraltar Masters"]
[Site "Caleta ENG"]
[Date "2013.01.23"]
[Round "2.94"]
[White "Walton,A"]
[Black "Othman,Mustapha"]
[Result "1-0"]
[WhiteElo "2153"]
[BlackElo "1878"]

1.d4 Nf6 2.Bg5 d5 3.Bxf6 exf6 4.e3 Bd6 5.c4 c6 6.Nc3 Be6 7.cxd5 cxd5 8.Bd3 Nc6
9.Nf3 O-O 10.O-O Re8 11.Rc1 Rc8 12.Na4 Bb8 13.Nc5 Re7 14.h3 Qd6 15.Qb3 Na5
16.Nxe6 Rxc1 17.Rxc1 fxe6 18.Qc2 Rc7 19.Qb1 Rxc1+ 20.Qxc1 Qc7 21.Qb1 g5 22.b3 a6
23.Qe1 b5 24.e4 dxe4 25.Qxe4 Qd7 26.h4 gxh4 27.Qxh4 Qf7 28.Nd2 Bd6 29.Ne4 Be7
30.Qg3+ Kh8 31.Qc7 f5 32.Ng3 Qg7 33.Qxa5 f4 34.Ne4 Qxd4 35.Qc3 Qxc3 36.Nxc3 b4
37.Ne2 e5 38.Bxa6 Kg7 39.Kf1 Kf6 40.Bc8 h5 41.f3 h4 42.Ke1 Bd6 43.Bb7 Bc5
44.Nc1 Bd6 45.Ke2 Bc5 46.Nd3 Bd6 47.Nf2 Ke6 48.Kd3 Bc5 49.Ne4 Be7 50.Kc4 Kd7
51.Kd5 Kc7 52.Ba6 Kb6 53.Bc4 Bd8 54.Kxe5 Bc7+ 55.Kd5 Bd8 56.Nf2 Bc7 57.Nd3 Ka5
58.Kc6 Bb6 59.Nxb4 Bc5 60.Kxc5 h3 61.Nc6+  1-0

[Event "5th Chennai Open 2013"]
[Site "Chennai IND"]
[Date "2013.01.23"]
[Round "11"]
[White "Czebe,A"]
[Black "Kathmale,S"]
[Result "1/2-1/2"]
[WhiteElo "2494"]
[BlackElo "2334"]

1.d4 Nf6 2.Bg5 d5 3.e3 c5 4.c3 Nc6 5.Nd2 cxd4 6.exd4 g6 7.Bxf6 exf6 8.h4 h5
9.Bd3 Bh6 10.Qe2+ Kf8 11.Kf1 Kg7 12.Re1 Qa5 13.Nb3 Qxa2 14.Qc2 Na5 15.Nc1 Bxc1
16.Qxc1 Nc4 17.Bxc4 Qxc4+ 18.Ne2 a5 19.f3 b5 20.Kf2 b4 21.Nf4 bxc3 22.bxc3 Ra7
23.Qa3 Bf5 24.Re3 Rb8 25.Ra1 a4 26.Qd6 Rb2+ 27.Kg3 Rd7 28.Qa3 Rb8 29.Qxa4 Qc7
30.Qa5 Qd6 31.Qc5 Qxc5 32.dxc5 Rc8 33.Ra5 g5 34.Ne2 Rdc7 35.c6 Rxc6 36.Nd4 Be6
37.Nxc6 Rxc6 38.Ra4 Kg6 39.Rd4 Ra6 40.f4 Ra2 41.fxg5 fxg5 42.hxg5 Kxg5 43.Re5+ Kg6
44.Kh2 Rc2 45.Re3 Kf6 46.Rg3 Ke5 47.Rgd3 Kf6 48.Re3 Kg6 49.Kg1 Kg5 50.g3 Rc1+
51.Kf2 Rc2+ 52.Ke1 Rh2 53.Kd1 Rg2 54.Kc1 Rh2 55.Rd2 Rh1+ 56.Kb2 h4 57.gxh4+ Rxh4
58.Rd4 Rh2+ 59.Ka3 Kf6 60.Kb4 Rh8 61.Kb3 Rd8 62.Kc2 Ra8 63.Rf4+ Ke7 64.Kd3 Ra1
65.Rb4 Rd1+ 66.Ke2 Rh1 67.Kf3 Rh3+ 68.Kf4 Rh1 69.Ke5 Rh5+ 70.Kd4 Rh4+ 71.Kc5 Rh8
72.Rb7+ Kf6 73.Rc7 Rd8 74.Kd4 Ra8 75.Rf3+ Kg7 76.Ke5 Ra4 77.Rg3+ Kf8 78.Rb7 Ra1
79.Rg2 Ra3 80.Rc2 Ra4 81.Rh2 Kg7 82.Rg2+ Kf8 83.Re2 Kg7 84.Rb8 Rg4 85.Rbb2 Ra4
86.Ra2 Rh4 87.Rg2+ Kh7 88.Raf2 Rh3 89.Rf4 Kh6 90.Kf6 Kh7 91.Rb4 Rf3+ 92.Ke7 Rh3
93.Rb1 Bf5 94.Rbg1 Bg6 95.Rg3 Rh5 96.Kd6 Kh6 97.Rf1 Bf5 98.Rf2 Bg6 99.Kc5 Kh7
100.Kd6 Kh6 101.Rff3 Bf5 102.Ke7 Bg6 103.Kf6 Be4 104.Rf2 Bg6 105.Rf4 Kh7
106.Rff3 Kh6 107.Rh3 Kh7  1/2-1/2

[Event "11th Gibraltar Masters"]
[Site "Caleta ENG"]
[Date "2013.01.24"]
[Round "3.83"]
[White "Becham,Khalid"]
[Black "Loew,Gera"]
[Result "1/2-1/2"]
[WhiteElo "1929"]
[BlackElo "2231"]

1.d4 Nf6 2.Bg5 c5 3.Bxf6 gxf6 4.d5 Qb6 5.Qc1 f5 6.g3 Bg7 7.c3 d6 8.Bg2 Nd7
9.Nh3 h5 10.O-O h4 11.Nd2 Ne5 12.Nf4 Bd7 13.a4 a5 14.Qc2 Rc8 15.Nd3 c4 16.Nf4 Rc7
17.Nf3 Bh6 18.Nd4 Bxf4 19.gxf4 Ng6 20.e3 h3 21.Bf3 Nh4 22.Rfe1 e5 23.dxe6 fxe6
24.Bh1 e5 25.Nf3 Bc6 26.Nxh4 Rg7+ 27.Kf1 Rxh4 28.Bxc6+ Qxc6 29.Qxf5 Qf3 30.Qe6+ Kf8
31.Qf6+ Kg8 32.Qd8+ Kf7 33.Qd7+ Kg6 34.Qe6+ Kh7 35.Qf5+ Kg8 36.Qc8+ Kh7 37.Qf5+ Kg8
38.Qc8+ Kh7 39.Qf5+ Rg6 40.Qf7+ Rg7  1/2-1/2

[Event "18th HIT Open A 2013"]
[Site "Nova Gorica SLO"]
[Date "2013.01.26"]
[Round "3.16"]
[White "Suc,T"]
[Black "Raimo,Isacco"]
[Result "1-0"]
[WhiteElo "2116"]
[BlackElo "1608"]

1.d4 Nf6 2.Bg5 d5 3.Bxf6 exf6 4.e3 Bd6 5.c4 c6 6.cxd5 Bb4+ 7.Nc3 Qxd5 8.Ne2 O-O
9.Nf4 Qa5 10.Qc2 Bd6 11.Nd3 Bf5 12.Be2 Nd7 13.O-O Qc7 14.g3 Nb6 15.Rac1 Rac8
16.Qd1 Rfe8 17.Nb5 Qd7 18.Nxd6 Qxd6 19.Nc5 Rc7 20.Bf3 Nd5 21.e4 Bh3 22.exd5 Bxf1
23.Qxf1 cxd5 24.Re1 Rce7 25.Rxe7 Rxe7 26.Qb5 Qc6 27.Qb3 b6 28.Bxd5 Qc8 29.Ne4 Qd8
30.Nc3 Qd7 31.Qc4 g6 32.Bf3 Qh3 33.Qf1 Qf5 34.Kg2 Rd7 35.d5 Qe5 36.Qc4 Kg7
37.Qc6 Qe7 38.Nb5 Qd8 39.Nd4 Rd6 40.Qc3 Rd7 41.Nb5 a6 42.Nd4 Rd6 43.Qa3 a5
44.Qb3 Rd7 45.Nb5 g5 46.d6 Kf8 47.Qd3 Kg7 48.Qd4 Kg6 49.Bc6 Qc8 50.Bxd7 Qxd7
51.Qxb6 h5 52.h3 Qe8 53.Qb7 Qe2 54.Qd5 Qxb2 55.d7  1-0

[Event "11th Gibraltar Masters"]
[Site "Caleta ENG"]
[Date "2013.01.27"]
[Round "6.65"]
[White "Villuendas Valero,A"]
[Black "Linhart,W"]
[Result "1-0"]
[WhiteElo "2301"]
[BlackElo "2130"]

1.d4 Nf6 2.Bg5 g6 3.Bxf6 exf6 4.c4 Bg7 5.Nc3 O-O 6.e3 f5 7.g3 c5 8.Nge2 Nc6
9.dxc5 Qa5 10.Bg2 Qxc5 11.Qd5 Nb4 12.Qxc5 Nd3+ 13.Kd2 Nxc5 14.Kc2 Rb8 15.Rad1 b6
16.b4 Ne6 17.Nb5 a5 18.a3 Bb7 19.Bxb7 Rxb7 20.Rd5 axb4 21.axb4 Ra8 22.Nec3 Nc7
23.Rxd7 Nxb5 24.Rxb7 Nxc3 25.f3 b5 26.c5 Nd5 27.Kb3 Nxe3 28.Rxb5 Rd8 29.c6 Rd3+
30.Ka4 Nc4 31.Rb8+ Bf8 32.c7 Ra3+ 33.Kb5 Nd6+ 34.Kc6 Rc3+ 35.Kd7 f4 36.Rd1  1-0